| 000 | 00730nam a2200241 a 4500 | ||
|---|---|---|---|
| 001 | 20447 | ||
| 003 | BD-RjUL | ||
| 005 | 20211209000551.0 | ||
| 008 | 140301s1956 enka 001 0beng d | ||
| 035 |
_a56-04915 _a(BD-RjUL)20509 |
||
| 035 | _a(OCoLC)299484 | ||
| 040 |
_aDAY _dm.c _dBD-RjUL _beng _cBD-RjUL |
||
| 041 | _aeng | ||
| 082 |
_a 822.9 _bERB 1956 |
||
| 100 | 1 |
_aErvine, St. John G. _q(St. John Greer), _d1883-1971. _963051 |
|
| 245 | 1 | 0 |
_aBernard Shaw : _bhis life, work and friends / _cby St John Ervine |
| 260 |
_aLondon : _bConstable, _c1956 |
||
| 300 |
_axii, 628 p. : _billus., ports ; _c24 cm |
||
| 600 | 1 | 0 |
_aShaw, Bernard, _d1856-1950. _963054 |
| 942 |
_2ddc _cBK |
||
| 999 |
_c20447 _d20447 |
||